| 000 | 01059nam a2200265 i 4500 | ||
|---|---|---|---|
| 003 | DO-SdBNP | ||
| 005 | 20230926152451.0 | ||
| 007 | ta | ||
| 008 | 140217s200- dr 000 0 spa d | ||
| 040 |
_aDO-SdBNP _bspa _cBNPHU _erda |
||
| 082 |
_bR426 _222 |
||
| 110 |
_aRepública Dominicana _9447 |
||
| 240 | 1 | 0 | _a[leyes,etc.] |
| 245 | 1 | 0 |
_aLey No. 57-07, sobre incentivo al desarrollo de fuentes renovables de energía y de sus regímenes especiales : _breglamento de la ley 57-07, sobre incentivo al desarrollo de fuentes renovables de energía y de sus regímenes especiales / |
| 264 | 1 |
_aSanto Domingo : _b[editor no identificado], _c[2007]. |
|
| 300 |
_a199 páginas _c21 cm. |
||
| 336 |
_2rdacontent _atexto _btxt |
||
| 337 |
_2rdamedia _asin mediación _bn |
||
| 338 |
_2rdacarrier _avolumen _bnc |
||
| 500 | _aLey No. 57-07, Promulgada el 7 de mayo del 2007. | ||
| 500 | _aReglamento, según decreto No. 202-08 que aprueba reglamento de aplicación de esta ley. | ||
| 590 | _aInventariado, 2023/ YL | ||
| 910 | _aYLockward | ||
| 942 |
_2ddc _cLBS1 |
||
| 999 |
_c54954 _d54954 |
||